Syndemic suffering : (Record no. 8323)

MARC details
000 -LEADER
fixed length control field 00622nam a22001577a 4500
008 - FIXED-LENGTH DATA ELEMENTS--GENERAL INFORMATION
fixed length control field 190814b ||||| |||| 00| 0 eng d
020 ## - INTERNATIONAL STANDARD BOOK NUMBER
International Standard Book Number 9781611321425
082 ## - DEWEY DECIMAL CLASSIFICATION NUMBER
Classification number 305 MEN
100 ## - MAIN ENTRY--PERSONAL NAME
Personal name Mendenhall, Emily
245 ## - TITLE STATEMENT
Title Syndemic suffering :
Remainder of title social distress, depression, and diabetes among Mexican immigrant women.
260 ## - PUBLICATION, DISTRIBUTION, ETC.
Place of publication, distribution, etc. Walnut Creek, Calif. :
Name of publisher, distributor, etc. Left Coast Press,
Date of publication, distribution, etc. 2012.
300 ## - PHYSICAL DESCRIPTION
Extent 145 p. :
Other physical details ill. ;
Dimensions 24 cm.
500 ## - GENERAL NOTE
General note Includes bibliographical references.
650 ## - SUBJECT ADDED ENTRY--TOPICAL TERM
Topical term or geographic name entry element Diabetes in women. Mexican American women--Health and hygiene. Mexican American women--Social conditions. Syndemics.
942 ## - Added entry Elements (Koha)
Source of classification or shelving scheme Dewey Decimal Classification
Holdings
Withdrawn status Lost status Source of classification or shelving scheme Damaged status Not for loan Collection code Home library Current library Shelving location Date acquired Serial Enumeration / chronology Total Checkouts Full call number Barcode Date last seen Price effective from Koha item type
    Dewey Decimal Classification     Main TEST RTC Library RTC Library Main opac 14/08/2019 14279   305 MEN 30014876 12/01/2022 14/08/2019 Main
Royal Thimphu College || All Right Reserved